|
|
|
|
| LEADER |
01512nam a2200277 i 4500 |
| 003 |
GR-PaULI |
| 005 |
20210320182305.0 |
| 008 |
180827s1986 gr a|||g |||| 001 0 gre d |
| 952 |
|
|
|0 0
|1 0
|2 ddc
|4 0
|6 338_604000000000000_1_REI
|7 0
|9 225298
|a LISP
|b LISP
|c BSC
|d 2018-08-27
|i 138115
|l 0
|o 338.604 1 REI
|p 025000049291
|r 2018-08-27 00:00:00
|t 1
|v 2018.00
|w 2018-08-27
|y BK15
|
| 952 |
|
|
|0 0
|1 0
|2 ddc
|4 0
|6 338_604000000000000_1_REI
|7 0
|9 225299
|a LISP
|b LISP
|c BSC
|d 2018-08-27
|i 138116
|l 0
|o 338.604 1 REI
|p 025000049292
|r 2018-08-27 00:00:00
|t 2
|v 2018.00
|w 2018-08-27
|y BK15
|
| 999 |
|
|
|c 135951
|d 135951
|
| 020 |
|
|
|a 9600203121
|
| 040 |
|
|
|a GR-PaULI
|b gre
|c GR-PaULI
|e AACR2
|
| 041 |
1 |
|
|a gre
|h eng
|
| 082 |
0 |
4 |
|2 23
|a 338.604 1
|
| 100 |
1 |
|
|9 170660
|a Reid, Walter
|e συγγραφέας.
|
| 245 |
1 |
2 |
|a Η έννοια των λογαριασμών των επιχειρήσεων /
|c Walter Reid και D. R. Myddelton ; επιμέλεια-μετάφραση Χρήστος Ι. Καζαντζής.
|
| 260 |
|
|
|a Αθήνα :
|b Παπαζήσης,
|c 1986.
|
| 300 |
|
|
|a ix, 342 σ. :
|b εικ. ;
|c 21 εκ.
|
| 500 |
|
|
|a Μετάφραση Δεύτερης Αγγλικής Έκδοσης.
|
| 504 |
|
|
|a Περιλαμβάνει βιβλιογραφία και ευρετήριο.
|
| 650 |
|
4 |
|9 5220
|a Επιχειρήσεις
|x Χρηματοοικονομική
|
| 650 |
|
4 |
|a Οικονομική των επιχειρήσεων
|9 1721
|
| 700 |
1 |
|
|9 170661
|a Myddelton, D. R.
|e συγγραφέας.
|
| 942 |
|
|
|2 ddc
|c BK15
|
| 998 |
|
|
|c ΒΑΣΙΛΕΙΟΥ
|d 2018-08
|